[Event "Copenhagen Challenge"]
[Site "Ballerup"]
[Date "2019.05.18"]
[Round "6"]
[White "Knudsen, Jan Engelund"]
[Black "Kallenbach, Uffe"]
[Result "0-1"]
[WhiteElo "1600"]
[BlackElo "1644"]
[PlyCount "78"]
[EventDate "2019.05.15"]
[EventType "swiss"]
[EventRounds "9"]
[EventCountry "DEN"]
[SourceTitle "CBM 190 Extra"]
[Source "ChessBase"]
[SourceDate "2019.07.15"]
[SourceVersion "1"]
[SourceVersionDate "2019.07.15"]
[SourceQuality "1"]

1. e4 c5 2. Nf3 d6 3. d4 cxd4 4. Nxd4 Nf6 5. Nc3 a6 6. Be2 Nc6 7. Be3 e5 8. Nb3 Be6 9. 0-0 Be7 10. Qd2 d5 11. exd5 Nxd5 12. Nxd5 Bxd5 13. Rad1 Be6 14. Bf3 Qc7 15. Be4 f5 16. Bf3 0-0 17. Bc5 Rfd8 18. Qe3 Rxd1 19. Rxd1 e4 20. Be2 Rd8 21. Bxe7 Rxd1+ 22. Bxd1 Nxe7 23. Qc5 Qd8 24. Be2 Nc6 25. h3 h6 26. Bxa6 Qd1+ 27. Bf1 f4 28. Qc3 Qd5 29. Qd2 Qg5 30. Kh2 e3 31. Qe2 Bd5 32. fxe3 Qg3+ 33. Kg1 fxe3 34. Qg4 Qf2+ 35. Kh2 Qxf1 36. Qc8+ Kh7 37. Qg4 e2 38. Nd2 Qxg2+ 39. Qxg2 Bxg2 0-1

[Event "Copenhagen Challenge"]
[Site "Ballerup"]
[Date "2019.05.15"]
[Round "1"]
[White "Kallenbach, Uffe"]
[Black "Thorsbro, Peter"]
[Result "0-1"]
[WhiteElo "1644"]
[BlackElo "2116"]
[PlyCount "98"]
[EventDate "2019.05.15"]
[EventType "swiss"]
[EventRounds "9"]
[EventCountry "DEN"]
[SourceTitle "CBM 190 Extra"]
[Source "ChessBase"]
[SourceDate "2019.07.15"]
[SourceVersion "1"]
[SourceVersionDate "2019.07.15"]
[SourceQuality "1"]

1. e4 e5 2. f4 exf4 3. Nf3 d5 4. exd5 c6 5. d4 Bd6 6. Bd3 Ne7 7. Nc3 0-0 8. 0-0 Bf5 9. Ng5 Bxd3 10. Qxd3 Ng6 11. Nce4 Be7 12. Nh3 cxd5 13. Nc3 Nc6 14. Nxf4 Nxf4 15. Bxf4 Bf6 16. Ne2 Qb6 17. c3 Rfe8 18. Rab1 Ne7 19. Bg3 Ng6 20. Nf4 Nxf4 21. Bxf4 Re4 22. Kh1 Rae8 23. h3 Qc6 24. Bd2 b5 25. Rfe1 Bd8 26. Rxe4 Rxe4 27. Be1 Qe8 28. Qf1 Bc7 29. Bf2 a6 30. Bg1 Qe6 31. Bh2 Bxh2 32. Kxh2 h5 33. Qf3 g6 34. Rf1 Kg7 35. Rf2 f5 36. Qg3 h4 37. Qg5 Qf6 38. Qxf6+ Kxf6 39. g3 hxg3+ 40. Kxg3 Kg5 41. b3 Re3+ 42. Rf3 Rxf3+ 43. Kxf3 Kh4 44. c4 bxc4 45. bxc4 dxc4 46. d5 Kg5 47. h4+ Kf6 48. Kf4 c3 49. Ke3 f4+ 0-1

[Event "DEN-ch Seniors 50+"]
[Site "Logumkloster"]
[Date "2017.02.14"]
[Round "3"]
[White "Matras, Ove"]
[Black "Kallenbach, Uffe"]
[Result "1-0"]
[WhiteElo "1828"]
[BlackElo "1670"]
[PlyCount "69"]
[EventDate "2017.02.12"]
[EventType "swiss"]
[EventRounds "7"]
[EventCountry "DEN"]
[SourceTitle "EXT 2018"]
[Source "ChessBase"]
[SourceDate "2017.10.13"]
[SourceVersion "1"]
[SourceVersionDate "2017.10.13"]
[SourceQuality "1"]

1. e4 c5 2. c3 Nf6 3. e5 Nd5 4. d3 Nc6 5. f4 d6 6. Nf3 Bg4 7. exd6 Qxd6 8. g3 g6 9. Na3 Bg7 10. Bg2 Nxc3 11. Qd2 Nd5 12. Nb5 Qd8 13. Nc3 Ndb4 14. 0-0 Nxd3 15. Qe3 Bd4 16. Nxd4 Qxd4 17. Nb5 Qxe3+ 18. Bxe3 0-0 19. Bxc6 bxc6 20. Nc3 Rfd8 21. b3 Be6 22. Rab1 a6 23. Na4 c4 24. bxc4 Bxc4 25. Nb6 Bxa2 26. Ra1 Rab8 27. Rxa2 c5 28. Nc4 Rb4 29. Nd2 c4 30. Rc2 Rc8 31. Bd4 a5 32. Rd1 Rd8 33. Bc3 Ra4 34. Ba1 Nb4 35. Rxc4 1-0

[Event "Copenhagen Challenge"]
[Site "Ballerup"]
[Date "2016.04.21"]
[Round "2"]
[White "Kallenbach, Uffe"]
[Black "Rishovd, Svein"]
[Result "0-1"]
[WhiteElo "1694"]
[BlackElo "2103"]
[PlyCount "52"]
[EventDate "2016.04.20"]
[EventType "swiss"]
[EventRounds "9"]
[EventCountry "DEN"]
[SourceTitle "CBM 172 Extra"]
[Source "ChessBase"]
[SourceDate "2016.06.21"]
[SourceVersion "1"]
[SourceVersionDate "2016.06.21"]
[SourceQuality "1"]

1. e4 c5 2. c3 g6 3. f4 Nf6 4. Qc2 Nc6 5. Nf3 Bg7 6. d4 cxd4 7. cxd4 d5 8. e5 Ne4 9. a3 Bf5 10. Bd3 Rc8 11. Nc3 0-0 12. Be3 Na5 13. Bxe4 Bxe4 14. Qe2 Bf5 15. 0-0 Qd7 16. Rac1 Nc4 17. Bf2 Rc6 18. Be1 Rfc8 19. Ra1 Rb6 20. Nd1 Nxb2 21. Ne3 Bd3 22. Qf2 Bxf1 23. Nxf1 Nd3 24. Qh4 Nxe1 25. Qxe1 Qf5 26. Rc1 Rbc6 0-1

[Event "Copenhagen Challenge"]
[Site "Ballerup"]
[Date "2015.05.03"]
[Round "8"]
[White "Kallenbach, Uffe"]
[Black "Andersen, Daniel"]
[Result "1-0"]
[WhiteElo "1641"]
[BlackElo "1896"]
[PlyCount "127"]
[EventDate "2015.04.29"]
[EventType "swiss"]
[EventRounds "9"]
[EventCountry "DEN"]
[SourceTitle "CBM 166 Extra"]
[Source "ChessBase"]
[SourceDate "2015.06.18"]
[SourceVersion "1"]
[SourceVersionDate "2015.06.18"]
[SourceQuality "1"]

1. e4 c5 2. c3 d5 3. exd5 Qxd5 4. d4 cxd4 5. Nf3 Nc6 6. cxd4 Bg4 7. Be2 0-0-0 8. Nc3 Qa5 9. Be3 Nf6 10. 0-0 Bxf3 11. Bxf3 Qb4 12. Bxc6 bxc6 13. Qc2 Kb7 14. a3 Qc4 15. b3 Qa6 16. Na4 Ka8 17. Nc5 Qb6 18. b4 Nd5 19. Rab1 e6 20. Rfc1 Bxc5 21. bxc5 Qc7 22. Bg5 f6 23. Bh4 g5 24. Bg3 Nf4 25. Qc4 Rxd4 26. Bxf4 Rxf4 27. Qxe6 Qc8 28. Qe7 h5 29. Rd1 Re8 30. Qf7 Rfe4 31. Qxf6 Qe6 32. Qc3 Qf7 33. g3 Re2 34. Qd4 Qc7 35. Qd6 Qxd6 36. Rxd6 R2e6 37. Rbd1 R8e7 38. Rd8+ Kb7 39. Rh8 Re5 40. Rxh5 Rxc5 41. Rd3 Rc1+ 42. Kg2 Rg7 43. h4 gxh4 44. Rxh4 Rc2 45. Rf4 c5 46. Rff3 Kc6 47. Rc3 Rxc3 48. Rxc3 Kd5 49. Rd3+ Kc4 50. Re3 Kd4 51. Kf1 Rb7 52. Re8 Kc3 53. f4 Kb3 54. Re3+ Kb2 55. Re2+ Kxa3 56. Rc2 Rc7 57. Ke2 c4 58. Kd2 Kb3 59. Rc3+ Kb4 60. f5 Rc5 61. g4 Ra5 62. f6 Rd5+ 63. Kc2 Re5 64. Rf3 1-0

[Event "Copenhagen Challenge"]
[Site "Ballerup"]
[Date "2015.04.29"]
[Round "1"]
[White "Kallenbach, Uffe"]
[Black "Nielsen, Thomas Bach"]
[Result "0-1"]
[WhiteElo "1641"]
[BlackElo "2193"]
[PlyCount "76"]
[EventDate "2015.04.29"]
[EventType "swiss"]
[EventRounds "9"]
[EventCountry "DEN"]
[SourceTitle "CBM 166 Extra"]
[Source "ChessBase"]
[SourceDate "2015.06.18"]
[SourceVersion "1"]
[SourceVersionDate "2015.06.18"]
[SourceQuality "1"]

1. e4 c6 2. d3 d5 3. Qe2 dxe4 4. dxe4 e5 5. g3 Nf6 6. Bg2 Be7 7. Nf3 0-0 8. 0-0 Qc7 9. Nbd2 b6 10. Rd1 Ba6 11. c4 Nbd7 12. b3 Rfe8 13. Bb2 Bc5 14. h3 b5 15. Rac1 b4 16. Nf1 Bc8 17. Ne1 a5 18. Nd3 a4 19. Rd2 axb3 20. axb3 Bb7 21. Nxc5 Nxc5 22. Qe3 Ne6 23. Rcd1 c5 24. Rd3 Nd4 25. Nd2 Ra2 26. Bxd4 cxd4 27. Qe1 Nd7 28. Ra1 Qa5 29. Rxa2 Qxa2 30. Qb1 Ra8 31. Qe1 Qc2 32. Qb1 Ra2 33. Qxc2 Rxc2 34. Nf3 f6 35. Ne1 Rc1 36. Kf1 Nc5 37. Rd2 Nxb3 38. Rb2 d3 0-1

[Event "North Sea Cup 23th"]
[Site "Esbjerg"]
[Date "2008.07.16"]
[Round "8"]
[White "Kallenbach, Uffe"]
[Black "Nielsen, Aage Sondergaard"]
[Result "1/2-1/2"]
[WhiteElo "1591"]
[BlackElo "1938"]
[PlyCount "61"]
[EventDate "2008.07.11"]
[EventType "swiss"]
[EventRounds "10"]
[EventCountry "DEN"]
[SourceTitle "CBM 125 Extra"]
[Source "ChessBase"]
[SourceDate "2008.09.01"]
[SourceVersion "1"]
[SourceVersionDate "2008.09.01"]
[SourceQuality "1"]

1. d4 f5 2. c4 Nf6 3. Nc3 g6 4. f3 d6 5. e4 Bg7 6. Bd3 Nc6 7. Nge2 e5 8. exf5 Bxf5 9. Be3 Qd7 10. a3 0-0 11. d5 Ne7 12. 0-0 c6 13. Ne4 cxd5 14. Nxf6+ Bxf6 15. cxd5 a6 16. Nc3 Kh8 17. Bc2 Rac8 18. Rc1 Bg7 19. Bb3 Qd8 20. g4 Bd7 21. Qd2 Ng8 22. Kh1 Nf6 23. h3 b5 24. Ne4 Rxc1 25. Qxc1 Nxe4 26. fxe4 Qh4 27. Rxf8+ Bxf8 28. Qf1 Kg8 29. Qf3 h5 30. Bf2 Qg5 31. Be3 1/2-1/2

[Event "North Sea Cup 23th"]
[Site "Esbjerg"]
[Date "2008.07.13"]
[Round "3"]
[White "Andersen, Jackie"]
[Black "Kallenbach, Uffe"]
[Result "1-0"]
[WhiteElo "2300"]
[BlackElo "1591"]
[PlyCount "49"]
[EventDate "2008.07.11"]
[EventType "swiss"]
[EventRounds "10"]
[EventCountry "DEN"]
[SourceTitle "CBM 125 Extra"]
[Source "ChessBase"]
[SourceDate "2008.09.01"]
[SourceVersion "1"]
[SourceVersionDate "2008.09.01"]
[SourceQuality "1"]

1. d4 Nf6 2. Nf3 e6 3. Bf4 d5 4. e3 Bd6 5. c3 0-0 6. Bd3 Ne4 7. Nbd2 f5 8. h4 Qe7 9. Ne5 Bxe5 10. Bxe5 Nd7 11. Nf3 c6 12. Qe2 b5 13. Bf4 Bb7 14. Ne5 Rac8 15. g4 Nxe5 16. Bxe5 a6 17. gxf5 exf5 18. 0-0-0 c5 19. Rdg1 g6 20. h5 g5 21. h6 Rf7 22. Rh5 g4 23. Bxe4 dxe4 24. Rxf5 Rxf5 25. Qxg4+ 1-0

[Event "Baltic Sea Cup"]
[Site "Ronne"]
[Date "2007.08.03"]
[Round "6.55"]
[White "Kallenbach, Uffe"]
[Black "Holm, Kristian Stuvik"]
[Result "0-1"]
[WhiteElo "1596"]
[BlackElo "1000"]
[PlyCount "32"]
[EventDate "2007.07.30"]
[EventType "swiss"]
[EventRounds "9"]
[EventCountry "DEN"]
[SourceTitle "EXT 2023"]
[Source "ChessBase"]
[SourceDate "2022.10.05"]
[SourceVersion "1"]
[SourceVersionDate "2022.10.05"]
[SourceQuality "1"]

1. d4 Nf6 2. c4 e5 3. dxe5 Ng4 4. Qd4 d6 5. exd6 Bxd6 6. Qxg7 Be5 7. Qg5 Qxg5 8. Bxg5 Bxb2 9. Nd2 Bxa1 10. e3 Nc6 11. Bd3 Bf6 12. Bf4 Nge5 13. Be4 Be6 14. Ne2 0-0-0 15. Bxc6 bxc6 16. Ne4 Nd3+ 0-1

[Event "Baltic Sea Cup"]
[Site "Ronne"]
[Date "2007.08.03"]
[Round "7.54"]
[White "Pedersen, Lasse"]
[Black "Kallenbach, Uffe"]
[Result "1-0"]
[WhiteElo "1062"]
[BlackElo "1596"]
[PlyCount "95"]
[EventDate "2007.07.30"]
[EventType "swiss"]
[EventRounds "9"]
[EventCountry "DEN"]
[SourceTitle "EXT 2023"]
[Source "ChessBase"]
[SourceDate "2022.10.05"]
[SourceVersion "1"]
[SourceVersionDate "2022.10.05"]
[SourceQuality "1"]

1. Nf3 Nf6 2. c4 e6 3. Nc3 d5 4. d4 Be7 5. g3 c5 6. Bg2 Nbd7 7. b3 0-0 8. 0-0 cxd4 9. Nxd4 Bb4 10. Bb2 e5 11. Nc2 Bxc3 12. Bxc3 d4 13. Bb4 Re8 14. e3 dxe3 15. Nxe3 Nf8 16. Bc3 Ng6 17. Qxd8 Rxd8 18. Rad1 Re8 19. Rd2 Rb8 20. Rfd1 Be6 21. Bb4 b6 22. Bc6 Rec8 23. Bd6 Rxc6 24. Bxb8 h6 25. Rd8+ Kh7 26. Bxa7 Ne4 27. Nd5 Bg4 28. Rd3 Nc5 29. Re3 Ne6 30. Rb8 b5 31. Rxb5 Ra6 32. Bb8 Rxa2 33. Bxe5 Nxe5 34. Rxe5 Nd4 35. Ne3 Bh3 36. Ra5 Nf3+ 37. Kh1 Rb2 38. Nd1 Nxe5 39. Nxb2 Nf3 40. b4 Bc8 41. b5 Ng5 42. b6 Nh3 43. Rd5 Bb7 44. Nd3 Ng5 45. Kg1 Nf3+ 46. Kf1 Bxd5 47. cxd5 Nd4 48. b7 1-0

[Event "North Sea Cup 21st"]
[Site "Esbjerg"]
[Date "2006.07.14"]
[Round "8"]
[White "Pedersen, Torben Phalaris"]
[Black "Kallenbach, Uffe"]
[Result "1-0"]
[WhiteElo "1923"]
[BlackElo "1619"]
[PlyCount "103"]
[EventDate "2006.07.08"]
[EventType "swiss"]
[EventRounds "9"]
[EventCountry "DEN"]
[SourceTitle "CBM 113 Extra"]
[Source "ChessBase"]
[SourceDate "2006.09.14"]
[SourceVersion "1"]
[SourceVersionDate "2006.09.14"]
[SourceQuality "1"]

1. e4 c5 2. Nf3 d6 3. Bb5+ Nc6 4. Bxc6+ bxc6 5. 0-0 e6 6. d3 d5 7. Nbd2 Qc7 8. b3 Bd6 9. Bb2 d4 10. Nc4 e5 11. Nfd2 Be6 12. Qe2 Nf6 13. a4 0-0 14. Rae1 Be7 15. h3 Nd7 16. Bc1 Nb6 17. Nb2 Bd6 18. g4 Be7 19. Kh2 Qd7 20. Rg1 f6 21. Nf1 Kh8 22. Ng3 h6 23. Kg2 Rf7 24. f4 exf4 25. Bxf4 h5 26. Rh1 h4 27. Nf1 g5 28. Bh2 Re8 29. Nd2 Bd6 30. Qf2 Be5 31. Rhf1 Qc7 32. Kg1 Ref8 33. Re2 Qe7 34. Qf3 Nd7 35. Nbc4 Bxh2+ 36. Rxh2 Ne5 37. Nxe5 fxe5 38. Qe2 Rf4 39. Rhf2 Kg7 40. Qe1 Bd7 41. Rxf4 gxf4 42. Nf3 Rh8 43. Kh2 Kf7 44. Rg1 Ke6 45. Qa5 Bc8 46. Rg2 Kd6 47. Qd2 Be6 48. Qa5 Bf7 49. b4 c4 50. Qc5+ Kd7 51. Qxa7+ Ke6 52. Qxe7+ 1-0